| 000 | 00629nam a2200205 i 4500 | ||
|---|---|---|---|
| 001 | bg | ||
| 245 | 0 | 0 |
_aW drodze do społeczeństwa informacyjnego : _bzbiór prac / _cpod. red. Józefa Lubacza. |
| 260 |
_aWarszawa : _b[Instytut Problemów Współczesnej Cywilizacji], _c1999. |
||
| 300 |
_a249, [1] s. : _bil., 1 mapa ; _c24 cm. |
||
| 504 | _aBibliogr. | ||
| 650 | 9 | _aSpołeczeństwo informacyjne | |
| 700 | 1 |
_aLUBACZ, Józef. _eRed. |
|
| 020 | _a8390793598 | ||
| 040 | _cBPK | ||
| 041 | 0 | _apl | |
| 080 | _a316.77:659.3:004:316.42 | ||
| 920 | _a83-907935-9-8 | ||
| 942 | _cKS | ||
| 008 | s pl f |000 0 pol | ||
| 999 |
_c36370 _d36370 |
||
| 856 |
_uhttp://koha.tu.koszalin.pl/cgi-bin/koha/opac-detail.pl?biblionumber=36370 _yKatalog online BPK |
||